000 00509nam a2200157Ia 4500
008 150610s9999 xx 000 0 und d
020 _a0 768909244
050 _aPN4129.15
_b.M38 2002
100 _aMcManus, Judith A
245 _a How to write and deliver effective speeches /
_cJudith A. McManus.
250 _a4th ed.
260 _aLawrenceville, NJ :
_bThomson /Arco,
_c2002.
300 _a101pages :
_billustrations ;
_c21 cm.
504 _a "Second edition"--T.p. verso.
520 _aPublic speaking.
999 _c288201
_d288201